00273nam a2200109Ia 4500008004100000041000800041082001700049100001900066245001700085260005300102300000800155231228s1998 xx 000 0 und d aeng a658.314bNAR aNARAYAN (R.K.) aMalgudi Days aMumbaibSpenta Multimedia Pvt. Ltd. Mumbaic1998 a246